000 00940cam a22002774a 4500
999 _c24244
_d24244
001 14971197
003 OSt
005 20170128100027.0
008 070817s2008 ohua b 001 0 eng
010 _a 2007935608
020 _a9780324580334 (student ed. : pbk.)
020 _a0324580339 (student ed. : pbk.)
040 _aDLC
_cDLC
050 0 0 _aHD31
_b.W51675 2008
100 1 _aWilliams, Chuck,
_d1959-
245 1 0 _aMGMT /
_cChuck Williams.
246 3 _aChuck Williams MGMT
250 _aStudent ed., 2008 ed.
260 _aMason, OH :
_bThomson/South-Western,
_cc2008.
300 _aix, 376, [38] p. :
_bill. ;
_c28 cm.
500 _aCover title.
504 _aIncludes bibliographical references and index.
650 0 _aManagement.
906 _a7
_bcbc
_corigcop
_d3
_eepcn
_f20
_gy-gencatlg
942 _2lcc
_cBOOKS
_hHD 31 .W55 2008